जीवन व्यवस्था (Record no. 31685)

MARC details
000 -LEADER
fixed length control field 00344nam a22001217a 4500
003 - CONTROL NUMBER IDENTIFIER
control field SGT
082 ## - DEWEY DECIMAL CLASSIFICATION NUMBER
Classification number 200
Item number J67K
100 ## - MAIN ENTRY--PERSONAL NAME
Personal name कालेलकर, काकासाहेब
245 ## - TITLE STATEMENT
Title जीवन व्यवस्था
260 ## - PUBLICATION, DISTRIBUTION, ETC. (IMPRINT)
Name of publisher, distributor, etc नवजीवन प्रकाशन मंदिर
Year of Publication 1967
300 ## - PAGE DESCRIPTION
No. of Pages 307
942 ## - ADDED ENTRY ELEMENTS (KOHA)
Source of classification or shelving scheme Dewey Decimal Classification
Koha item type Books
Holdings
Withdrawn status Lost status Source of classification or shelving scheme Damaged status Not for loan Home library Current library Shelving location Date acquired SGTU Total Checkouts Full call number Accession No. (Barcode) Date last seen Bill Date Koha item type
    Dewey Decimal Classification   Not For Loan SGT Chancellor's Library SGT Chancellor's Library Reference Book 02/07/2025 SGTU   200 J67K CH3657 02/07/2025 02/07/2025 Books